000 02516cam a2200469 a 4500
001 ocn162565573
003 OCoLC
005 20250131161450.0
006 m o d
007 cr cn|||||||||
008 070806s1989 enka ob 001 0 eng d
020 _a9780080543758
020 _a0080543758
020 _z9780080363721
020 _z0080363725
020 _z0080363717
_q(pbk.)
020 _z9780080363714
_q(pbk.)
040 _aKO
_beng
041 0 _aeng
082 0 4 _a551.47
_222
245 0 0 _aWaves, tides, and shallow-water processes /
_cprepared by an Open University Course Team.
250 _a1st ed.
260 _aOxford ;
_aNew York :
_bPergamon Press, in association with the Open University, Milton Keynes, England,
_c1989.
300 _a1 online resource (187 pages) :
_billustrations (some color)
338 _aonline resource
520 _aThis is the fourth Volume of the six Volume Open University set. Each Volume is used by students as a relevant part of the Open University course in the UK, but designed so that it can equally be used as an individual text book. This Volume describes waves, their measurement and characteristics, their behaviour in shallow water and unusual waves. It also considers mainly theoretical aspects of sediment movement and deposition of currents, wave estuaries, and the interaction of waves, tides and river flow in deltas. Concludes with a look at shelf-sea processes and their mineral resources. Each Volume in this set is well laid out and copiously illustrated with full colour photographs, graphs and graphics. Questions to help develop arguments and/or understanding can be found in the text and at the end of each chapter, with worked answers provided at the back of each Volume. Each chapter also concludes with a summary to help consolidate understanding before the next chapter is begun.
500 _aPrepared by the Oceanography Course Team.
504 _aIncludes bibliographical references (page 161).
650 0 _aWaves.
650 0 _aTides.
650 6 _aOndes.
_0(CaQQLa)201-0009677
650 6 _aMar�ees.
_0(CaQQLa)201-0024348
650 7 _atides.
_2aat
_0(CStmoGRI)aat300068836
650 7 _aTides
_2fast
_0(OCoLC)fst01150792
650 7 _aWaves
_2fast
_0(OCoLC)fst01172900
710 2 _aOpen University.
_bOceanography Course Team.
856 4 0 _3ScienceDirect
_uhttps://www.sciencedirect.com/science/book/9780080363721
904 _aRUDRA_R
905 _aR_RANJAN
942 _2ddc
_cEB
999 _c3267
_d3267